000 01419cam a22003857a 4500
001 15410892
003 OSt
005 20211101124044.0
008 080813s2010 nyua 001 0 eng d
010 _a 2008935164
020 _a9781435442399
020 _a9781435442399
035 _a(OCoLC)ocn244767247
038 _aKhadija
040 _aBTCTA
_cBTCTA
_dIMF
_dBWX
_dYDXCP
_dOCLCQ
_dSINPL
_dDLC
042 _alccopycat
050 0 0 _aTK2851
_b.H47 2010
082 0 4 _a621.46
_222
_bHER
100 1 _aHerman, Stephen L.
_983608
245 1 0 _aIndustrial motor control /
_cStephen L. Herman.
250 _a6th ed.
260 _aClifton Park, NY :
_bDelmar Cengage Learning,
_cc2010.
300 _axiii, 552 p. :
_bill. (chiefly col.) ;
_c29 cm. +
_e1 CD-ROM (4 3/4 in.)
500 _aIncludes index.
563 _ahardcover
650 0 _aElectric controllers.
_941202
650 0 _aElectric motors.
_941283
856 4 2 _3Contributor biographical information
_uhttp://www.loc.gov/catdir/enhancements/fy1104/2008935164-b.html
856 4 2 _3Publisher description
_uhttp://www.loc.gov/catdir/enhancements/fy1104/2008935164-d.html
856 4 1 _3Table of contents only
_uhttp://www.loc.gov/catdir/enhancements/fy1104/2008935164-t.html
906 _a7
_bcbc
_ccopycat
_d2
_eepcn
_f20
_gy-gencatlg
942 _2ddc
_cBK
999 _c32703
_d32703